| Tag |
First Indicator |
Second Indicator |
Subfields |
| LEADER |
00000cam a2200000 4500 |
| 001 |
in00000036537 |
| 005 |
20151007060912.0 |
| 008 |
730228s1938 nyuc 00010 eng u |
| 010 |
|
|
|a 38027340
|
| 035 |
|
|
|a (OCoLC)00566647
|
| 035 |
|
|
|9 AAD0528AM
|
| 040 |
|
|
|c KSU
|d TXA
|d UtOrBLW
|
| 049 |
|
|
|a TXAM
|c 1 [77966]
|
| 050 |
0 |
0 |
|a GV53
|b .G3
|
| 092 |
|
|
|a 796.0973
|b G168f
|
| 100 |
1 |
|
|a Gallico, Paul,
|d 1897-1976.
|
| 245 |
1 |
0 |
|a Farewell to sport /
|c [by] Paul Gallico.
|
| 264 |
|
1 |
|a New York,
|a London :
|b A. A. Knopf,
|c 1938.
|
| 300 |
|
|
|a 5 pages ., 3-346 pages, 1 :
|b frontispiece (portrait) ;
|c 23 cm.
|
| 336 |
|
|
|a text
|b txt
|2 rdacontent
|
| 337 |
|
|
|a unmediated
|b n
|2 rdamedia
|
| 338 |
|
|
|a volume
|b nc
|2 rdacarrier
|
| 500 |
|
|
|a "First edition."
|
| 650 |
|
0 |
|a Sports
|z United States.
|
| 999 |
|
|
|a MARS
|
| 999 |
f |
f |
|s bb5df216-1a4d-3473-8b26-c5abecb24240
|i 4bbf0210-9669-3ac1-a5f2-cfa118a81555
|t 0
|
| 952 |
f |
f |
|p ric
|a Texas A&M University
|b Rellis Campus
|c Joint Library Facility
|d Remote Storage
|t 0
|e GV53 .G3
|h Library of Congress classification
|i unmediated -- volume
|m A14801183727
|
| 998 |
f |
f |
|a GV53 .G3
|t 0
|l Remote Storage
|